Football - Anciens joueurs de la Juventus (moins de 60 matchs) - Statistiques

Statistiques générales
  • Ce quiz a été pris 155 fois
    42 depuis la dernière actualisation
  • Le résultat moyen est 7 sur 11
Statistiques - réponses
Nationalité - Dernier club Saisons Poste Réponse % Correct
Allemagne - Borussia Dortmund 2018 - 2019 Milieu Emre Can
94%
France - Bayern Munich 2014 - 2015 Attaquant Kingsley Coman
92%
Portugal - Barcelona 2018 - 2019 Défenseur João Cancelo
89%
Gabon - Wolverhampton 2015 - 2017 Milieu Mario Lemina
72%
Turquie - Al-Ahli 2019 - 2021 Défenseur Merih Demiral
64%
Italie - West Ham 2013 - 2015 Défenseur Angelo Ogbonna
61%
Allemagne - Lokomotiv Moscou (retraité) 2017 - 2018 Défenseur Benedikt Höwedes
53%
Chili - Independiente 2012 - 2014 Défenseur Mauricio Isla
47%
Italie - Lazio Rome 2008 - 2010 Attaquant Ciro Immobile
42%
Italie - AS Rome 2018 - 2019 Défenseur / Milieu Leonardo Spinazzola
25%
Angleterre - Leicester 2018 - 2019 Attaquant Stephy Mavididi
19%
Aucun quiz correspondant
Distribution des résultats
% des personnes avec chaque résultat
Percentile par nombre de réponses
Votre historique - résultats
Vous n’avez pas pris ce quiz depuis la dernière actualisation